MARC details
| 000 -LEADER |
| fixed length control field |
02266cam a22004214a 4500 |
| 001 - CONTROL NUMBER |
| control field |
60650870 |
| 003 - CONTROL NUMBER IDENTIFIER |
| control field |
OCoLC |
| 005 - DATE AND TIME OF LATEST TRANSACTION |
| control field |
20241126110705.0 |
| 008 - FIXED-LENGTH DATA ELEMENTS--GENERAL INFORMATION |
| fixed length control field |
050527s2005 enk bd 001 0 eng |
| 010 ## - |
| -- |
2005015484 |
| 020 ## - INTERNATIONAL STANDARD BOOK NUMBER |
| International Standard Book Number |
0801026946 (U.S. edition) |
| 020 ## - INTERNATIONAL STANDARD BOOK NUMBER |
| International Standard Book Number |
9780801026942 (U.S. edition) |
| 020 ## - INTERNATIONAL STANDARD BOOK NUMBER |
| International Standard Book Number |
028105780X (U.K. edition) |
| 020 ## - INTERNATIONAL STANDARD BOOK NUMBER |
| International Standard Book Number |
9780281057801 (U.K. edition) |
| 035 ## - SYSTEM CONTROL NUMBER |
| System control number |
(OCoLC)60650870 |
| Canceled/invalid control number |
(OCoLC)789479936 |
| 040 ## - CATALOGING SOURCE |
| Original cataloging agency |
DLC |
| Language of cataloging |
eng |
| Transcribing agency |
DLC |
| Modifying agency |
BAKER |
| -- |
C#P |
| -- |
UKM |
| -- |
LMR |
| -- |
IG# |
| -- |
NLGGC |
| -- |
YDXCP |
| -- |
OCLCQ |
| -- |
BTCTA |
| -- |
LVB |
| -- |
OCLCG |
| -- |
SEO |
| -- |
OCLCQ |
| -- |
TUU |
| -- |
HNW |
| -- |
OCLCO |
| -- |
OCLCQ |
| -- |
OCLCF |
| -- |
P4I |
| 042 ## - |
| -- |
pcc |
| 050 00 - |
| -- |
BS440 |
| -- |
.D495 2005 |
| 082 ## - DEWEY DECIMAL CLASSIFICATION NUMBER |
| Classification number |
220.3 |
| Item number |
DIC |
| 090 ## - LOCALLY ASSIGNED LC-TYPE CALL NUMBER (OCLC); LOCAL CALL NUMBER (RLIN) |
| Classification number (OCLC) (R) ; Classification number, CALL (RLIN) (NR) |
BS440 |
| Local cutter number (OCLC) ; Book number/undivided call number, CALL (RLIN) |
.D495 2005 |
| 245 00 - TITLE STATEMENT |
| Title |
Dictionary for theological interpretation of the Bible / |
| Statement of responsibility, etc. |
Kevin J. Vanhoozer, general editor ; Craig G. Bartholomew, Daniel J. Treier, and N.T. Wright, associate editors |
| 260 ## - PUBLICATION, DISTRIBUTION, ETC. |
| Place of publication, distribution, etc. |
London : |
| Name of publisher, distributor, etc. |
SPCK ; |
| Place of publication, distribution, etc. |
Grand Rapids, Mich. : |
| Name of publisher, distributor, etc. |
Baker Academic, |
| Date of publication, distribution, etc. |
℗♭2005 |
| 300 ## - PHYSICAL DESCRIPTION |
| Extent |
896 pages ; |
| Dimensions |
26 cm |
| 336 ## - CONTENT TYPE |
| Content type term |
text |
| Content type code |
txt |
| Source |
rdacontent |
| 337 ## - MEDIA TYPE |
| Media type term |
unmediated |
| Media type code |
n |
| Source |
rdamedia |
| 338 ## - CARRIER TYPE |
| Carrier type term |
volume |
| Carrier type code |
nc |
| Source |
rdacarrier |
| 504 ## - BIBLIOGRAPHY, ETC. NOTE |
| Bibliography, etc. note |
Includes bibliographical references and indexes |
| 505 0# - FORMATTED CONTENTS NOTE |
| Formatted contents note |
List of Contributors -- List of Abbreviations -- Introduction -- Dictionary Articles -- List of Articles by Category -- Topical Index -- Scripture Index |
| 520 ## - SUMMARY, ETC. |
| Summary, etc. |
The Dictionary for Theological Interpretation of the Bible is a reference tool that introduces readers to key names, theories, and concepts in the field of biblical interpretation. It discusses these approaches and evaluates their helpfulness in enabling Christians to hear what God is saying to the church through Scripture. The contributors come from a variety of backgrounds, and the dictionary covers a broad range of topics. --From publisher's description |
| 630 00 - SUBJECT ADDED ENTRY--UNIFORM TITLE |
| Uniform title |
Bible |
| General subdivision |
Theology |
| Form subdivision |
Dictionaries |
| 9 (RLIN) |
4530 |
| 630 00 - SUBJECT ADDED ENTRY--UNIFORM TITLE |
| Uniform title |
Bible |
| General subdivision |
Criticism, interpretation, etc. |
| Form subdivision |
Dictionaries |
| 9 (RLIN) |
15864 |
| 700 1# - ADDED ENTRY--PERSONAL NAME |
| Personal name |
Vanhoozer, Kevin J |
| 9 (RLIN) |
13992 |
| 700 1# - ADDED ENTRY--PERSONAL NAME |
| Personal name |
Bartholomew, Craig G., |
| Dates associated with a name |
1961- |
| 9 (RLIN) |
1261 |
| 700 1# - ADDED ENTRY--PERSONAL NAME |
| Personal name |
Treier, Daniel J., |
| Dates associated with a name |
1972- |
| 9 (RLIN) |
1789 |
| 700 1# - ADDED ENTRY--PERSONAL NAME |
| Personal name |
Wright, N. T. |
| Fuller form of name |
(Nicholas Thomas) |
| 9 (RLIN) |
2760 |
| 856 41 - ELECTRONIC LOCATION AND ACCESS |
| Materials specified |
Table of contents |
| Uniform Resource Identifier |
<a href="http://catdir.loc.gov/catdir/toc/ecip0514/2005015484.html">http://catdir.loc.gov/catdir/toc/ecip0514/2005015484.html</a> |
| 942 ## - ADDED ENTRY ELEMENTS (KOHA) |
| Source of classification or shelving scheme |
Dewey Decimal Classification |
| Koha item type |
Reference Books |